01151nam0a22002651 4500001001100000005001700011021001900028035002600047100004100073101000800114102000700122105001800129200012400147210003500271215002300306300010000329320005300429606006600482700015000548701006800698701006000766801001800826801002200844852001900866rc\338521120250609224159.0 aRUb[73-68608] a(NLR Aleph) 007536251 a20130115d1973 |||y0rusy50 ca0 arus aRU aa z |||||1 aШахтные тяговые преобразователи с полупроводниковыми вентилями aМоскваcНедраd1973 a145 с.cил.d21 aПеред загл. авт.: Н.И. Алексеев, С.Л. Демидов, В.И. Рюмин aСписок лит.: с. 142-144 (57 назв.) aТяговые подстанции, рудничные2psbo 17ca8rusaАлексеевbН. И.cканд. техн. наук, горное делоgНиколай Иванович3RU\NLR\AUTH\770258355 1aДемидовbС.Л.gСтанислав Леонидович 1aРюминbВ.И.gВладислав Иванович 0aRUbNLRgpsbo 1aRUbELAR2rusmarc aNLRj73-5/3712